00479pab a2200169 454500008004000000100001900040245007700059260000900136300001200145362000800157650001700165650001400182650002700196650001800223700002500241773004300266180718b2002 xxu||||| |||| 00| 0 eng d aNazareth, A.P. aIntegrated coastal management of Dakshina Kannada and Udupi-a case study c2002 ap.24-36 aJan aCase studies aFisheries aIndustrial development aCoastal zones aRadha Krishnan, K.V. aIndian Journal of Environmental Health